| 000 | 00761nas a2200253 4500 | ||
|---|---|---|---|
| 001 | BR0204877 | ||
| 003 | BR-BrBNA | ||
| 005 | 20231205103301.0 | ||
| 007 | ta | ||
| 008 | 230509b bl.|||p| |||| 00| 00por d | ||
| 040 |
_aBR-BrBNA _bpor _cBiblioteca Nacional de Agricultura |
||
| 041 | _a(Pt) | ||
| 072 | _aE71 | ||
| 100 | 1 | _aSilva, C.R.L. da | |
| 245 | 1 | _aAlgumas relações de troca da economia brasileira | |
| 650 | _aCAFÉ | ||
| 650 | _aCRESCIMENTO ECONÔMICO | ||
| 650 | _aIMPORTAÇÃO | ||
| 650 | _aEXPORTAÇÃO | ||
| 650 | _aPREÇO | ||
| 773 | 0 |
_tInformações Econômicas - Instituto de Economia Agrícola (Brazil) _xISSN 0100-4409 _g(Jul 2002), v. 32(7) p. 7-12 _wBR0204877 |
|
| 909 |
_a202311 _bLúcia _c55 _dLúcia Elande |
||
| 942 |
_2AGRIS _n0 _cANA |
||
| 999 |
_c172061 _d172061 |
||